The Constitution of India (Record no. 367800)
[ view plain ]
| 000 -LEADER | |
|---|---|
| fixed length control field | 01386nam a2200205 4500 |
| 005 - DATE AND TIME OF LATEST TRANSACTION | |
| control field | 20250919111654.0 |
| 008 - FIXED-LENGTH DATA ELEMENTS--GENERAL INFORMATION | |
| fixed length control field | 250916b |||||||| |||| 00| 0 eng d |
| 020 ## - INTERNATIONAL STANDARD BOOK NUMBER | |
| International Standard Book Number | 9789349015265 |
| 041 ## - LANGUAGE CODE | |
| Language code of text/sound track or separate title | English |
| 082 ## - DEWEY DECIMAL CLASSIFICATION NUMBER | |
| Classification number | 342 |
| Item number | BAK |
| 100 ## - MAIN ENTRY--PERSONAL NAME | |
| Author | Bakshi P. M. |
| 245 ## - TITLE STATEMENT | |
| Title | The Constitution of India |
| 250 ## - EDITION STATEMENT | |
| Edition statement | 20th |
| 260 ## - PUBLICATION, DISTRIBUTION, ETC. | |
| Place of publication, distribution, etc. | India |
| Name of publisher, distributor, etc. | LexisNexis |
| Date of publication, distribution, etc. | 2025 |
| 300 ## - PHYSICAL DESCRIPTION | |
| Extent | 610 |
| 365 ## - TRADE PRICE | |
| Price amount | 360.00 |
| Currency code | Rs.00 |
| 520 ## - SUMMARY, ETC. | |
| Summary, etc. | 1. Provisions<br/>2. Preamble<br/>3. The Union & Its Territory<br/>4. Citizenship<br/>5. Fundamental Rights<br/>6. Directive Principles of State Policy<br/>7. Fundamental Duties <br/>8. The Union<br/>9. The States<br/>10. The States in Part B the First Schedule<br/>11. The Union Territories<br/>12. The Panchayats<br/>13. The Municipalities<br/>14. The Co-operative Societies<br/>15. The Scheduled & Tribal Areas<br/>16. Relation between the Union & the States<br/>17. Finance, Property, Contracts & Suits<br/>18. Trade, Commerce & Intercourse within the Territory of India<br/>19. Services under the Union & the States<br/>20. Tribunals<br/>21. Elections<br/>22. Special Provisions Relating to Certain Classes<br/>23. Official Language<br/>24. Emergency Provisions<br/>25. Miscellaneous <br/>26. Amendment of the Constitution<br/>27. Temporary, Transitional & Special Provisions<br/>28. Short Title, Commencement, Authoritative Text in Hindi & Repeals<br/>29. Schedules 1 to 12<br/> |
| 650 ## - SUBJECT ADDED ENTRY--TOPICAL TERM | |
| Topical term or geographic name entry element | Constitutional Law |
| 942 ## - ADDED ENTRY ELEMENTS (KOHA) | |
| Koha item type | Books |
| Withdrawn status | Lost status | Source of classification or shelving scheme | Damaged status | Not for loan | Home library | Current library | Date acquired | Vendor | Net Price | Bill number | Total Checkouts | Full call number | Barcode | Date last seen | Discount | Actual Price | Bill Date | Koha item type |
|---|---|---|---|---|---|---|---|---|---|---|---|---|---|---|---|---|---|---|
| Dewey Decimal Classification | School of Fashion Technology | School of Fashion Technology | 12/09/2025 | Pragati Book Centre | 360.00 | 19775 | 342 BAK | SOFT-BK-4590 | 16/09/2025 | 20% | 450.00 | 12/09/2025 | Books |